000 00510nam a22001937a 4500
003 KOHA_MİRAKIL
005 20251014143035.0
008 251014b tu ||||| |||| 00| 0 tur d
020 _a9786059791861
040 _aTR-AnABB
_btur
_cTR-AnABB
041 _atur
082 _a297.1226
_bBAY 2018
100 1 _aBayraktar, Ahmet,
245 1 0 _aNesih /
_cAhmet Bayraktar
260 _aAnkara :
_bMaarif Mektepleri,
_c2018
300 _a128 sayfa ;
_c20 cm
650 0 0 _aDin, İslam
942 _2ddc
_cBK
999 _c9147
_d9147
900 _bGizem YORULMAZ